000 00950nac a22002777a 4500
001 BR8109015
003 BR-BrBNA
005 20240105115202.0
008 230509b bl.|||m| |||| 00| 0 por d
040 _aBR-BrBNA
_bpor
_cBiblioteca Nacional de Agricultura
072 _aQ02; J14
090 _a9800 BR8109015
100 1 _aSantos, C.A.M.L. dos
110 1 _aCompanhia Brasileira de Armazenamento, Brasilia, DF (Brasil). Depto. de Operacoes de Unidades Frigorificas
_92309
245 1 _aConsideracoes sobre a deterioracao dos peixes de aguas tropicais
260 3 _aBrasilia, DF (Brasil):
_c1981.
300 _a13 p.
490 _aInformativo Tecnico DEFRI - Companhia Brasileira de Armazenamento (Brazil)
_vno. 5
_x
650 _aPEIXE
650 _aDETERIORACAO
650 _aPRESERVACAO DE ALIMENTO
650 _aCONGELAMENTO
650 _aARMAZENAMENTO
909 _a202312
_bLúcia Elande
_c55
_dLúcia Elande
942 _2AGRIS
_n0
_cMS
999 _c273543
_d273543